01145 a2200217 4500003000500000005001700005010001600022020001500038035002000053040000900073082001500082100001500097245006800112260006900180300003200249505054000281650002700821650002200848650002800870650002900898Nust20221117100043.0 a 93174135 a0582089670 a(OCoLC)27784892 cNust00a621.37,BOL1 aBolton, W.10aElectrical and electronic measurement and testing /cW. Bolton. aHarlow, Essex, England :bLongman Scientific & Technical,c1992. ax, 268 p. :bill. ;c25 cm. aMeasurement and Testing (Page-1), Performance Specifications (Page-22), Sources of Error (Page-36), Reliability (Page-50), Units And Standards (Page-60), Analogue Meters (Page-65), Digital Meters (Page-90), Recorders (Page-99), Component Measurement (Page-115), Power and Energy Measurement (Page-146), Oscilloscopes (Page-153), Counters (Page-172), Signal Sources (Page-179), Signal Analysis (Page-188), Digital Circuit Testing (Page-202), Automating Instruments (Page-210), Instrumentation Sys (Page-217), Test Procedures (Page-235). 0aElectric measurements. 0aElectric testing. 0aElectronic instruments. 0aElectronic measurements.